01430nam a2200361Ia 4500001001200000003000800012006001900020007001500039008004100054010001700095020003900112020003600151020001800187040002100205035002100226041001300247050002500260082002200285100002800307240002400335245010000359260006200459300001100521500006400532504006400596533015200660600002800812650003900840655002900879710001700908856012600925999001701051ebr10718273CaPaEBRm o u cr cn|||||||||121026s2013 cau sb 001 0aeng d z 2012043944 z9780804785181 (cloth : alk. paper) z080478518X (cloth : alk. paper) z9780804786164 aCaPaEBRcCaPaEBR a(OCoLC)8492464641 aenghger14aPN75.G86bG86 2013eb04a801/.95092aB2231 aGumbrecht, Hans Ulrich.10aNach 1945.lEnglish10aAfter 1945h[electronic resource] :blatency as origin of the present /cHans Ulrich Gumbrecht. aStanford, California :bStanford University Press,c2013. a227 p. a"Originally published in German under the title Nach 1945." aIncludes bibliographical references (p. 217-220) and index. aElectronic reproduction.bPalo Alto, Calif. :cebrary,d2013.nAvailable via World Wide Web.nAccess may be limited to ebrary affiliated libraries.10aGumbrecht, Hans Ulrich. 0aCriticszUnited StatesvBiography. 7aElectronic books.2local2 aebrary, Inc.40uhttp://site.ebrary.com/lib/rucke/Doc?id=10718273zAn electronic book accessible through the World Wide Web; click to view c41345d41345